000 00350nam a2200157Ia 4500
003 0STCL
008 150530s9999 xx 000 0 und d
040 _aSTCL
_cSTCL
100 _aThomas Hardy
245 _aWoodlanders
260 _bCalicut University
_c1912
546 _aEnglish
942 _2ddc
_cBK
999 _c58195
_d58195
005 20220125171042.0